Rupaul's drag race trivia :) - Statistics

General Stats
  • This quiz has been taken 543 times
  • The average score is 29 of 37
Answer Stats
Hint Answer % Correct
backrolls? Alyssa Edwards
97%
season 11 winner Yvie Oddly
94%
forms an iconic duo with trixie mattel and they host their own show together now Katya
93%
lost her lipsynch against jinkx monsoon in the candy challenge Detox
92%
Cher impersonator Chad Michaels
91%
phiphi o'hara told sharon needles to: go back to__________ where she belongs Party City
90%
“i'd like to keep it on, please” Valentina
90%
Season in which the 1st double elimination in drag race herstory occured 5
89%
had tensions with alyssa edwards in season 5 due to past pageant drama Coco Montrese
89%
when was the first drag race season released ? (year) 2009
88%
queen who is know to have worn sponges on her dress in her season Monét X Change
88%
first trans female to male queen in herstory Gottmik
87%
felt “very attacked” by other queens in s6 Laganja Estranja
86%
♪ she is cameroon ♪ Bebe Zahara Benet
85%
first queen in herstory to do a wig reveal Roxxxy Andrews
83%
always enters the werkroom purse first Bob the Drag Queen
82%
did a spoken word performance named “the same parts” in all stars Tatianna
82%
she keeps it foxy *wonk wonk* Joslyn Fox
81%
first eliminated queen ever Victoria Porkchop Parker
81%
played violin in all stars 3 Thorgy Thor
79%
she's the elephant queen! Eureka O'Hara
77%
was eliminated by Naomi Smalls in all stars 4 Manila Luzon
76%
her dress looked like it was made out of bacon Kelly Mantle
75%
had an on screen romance with vanessa vanjie mateo in their season Brooke Lynn Hytes
74%
italian queen named after her zodiac sign Aquaria
73%
name of mini challenge doll made by alaska and lineysha sparx in season 5 Lil' Poundcake
73%
season 8 miss congeniality Cynthia Lee Fontaine
72%
queen who got eliminated first in season 8 but got to come back later in the same season Naysha Lopez
67%
forgot many wigs in the werkroom after getting eliminated, which caused beef with some other girls who thought she left them for them Ariel Versace
65%
“they tried to put me on the cover of vogue.” Naomi Smalls
65%
said: “oppulence! you, earn, everything!” Mercedes Iman Diamond
62%
Chicago's mackie doll Kahmora Hall
61%
was called Dr________ by Rupaul in her season Silky Nutmeg Ganache
60%
was known for saying “ come through ! ” a few times in her season Violet Chachki
56%
used the word “flazéda” in her season Pearl
55%
was paired with yvie oddly in the make over challenge Scarlet Envy
49%
Kennedy Davenport (in a team with Katya) played a character who wanted ________ for christmas but didn't get them Chacha heels
43%
No matching quizzes found
Score Distribution
Percent of People with Each Score
Percentile by Number Answered
Your Score History
You have not taken this quiz